000 00690cam a2200229 4500
001 A189
008 090401t1993 xxu||||| |||| 00| 0 eng d
035 _a(Sirsi) u95280
041 _aeng
110 _aRoyal Institution of Chartered Surveyors
_94900
245 _aProposed amendments to the Housing and Urban Development Bill: leasehold enfranchisement provisions
260 _bRICS
_c1993
300 _a19p
350 _a3
490 _aRICS Memorandum
_vGCPPA/Report(93)3
650 _aHOUSING AND URBAN DEVELOPMENT BILL
650 _aLEASEHOLD ENFRANCHISEMENT
690 _aBlock management
_96220
690 _aPROPERTY LAW AND PRACTICE
942 _n0
948 _c04/03/1997
999 _c98385
_d98385